| 000 | 00936cam a22002894a 4500 | ||
|---|---|---|---|
| 001 | 11780177 | ||
| 005 | 20250205165803.0 | ||
| 008 | 990824s1999 mdu b 001 0 eng c | ||
| 020 | _a9780834211988 | ||
| 050 | 0 | 0 |
_aRC108 _b.F35 1999 |
| 082 | 0 | 0 |
_a616/.044 _221 |
| 100 | 1 | _aFalvo, Donna R. | |
| 245 | 1 | 0 |
_aMedical and psychosocial aspects of chronic illness and disability / _bDonna R. Falvo. |
| 250 | _a2nd ed. | ||
| 260 |
_aGaithersburg, Md. : _bAspen Publishers, _c1999. |
||
| 300 |
_axxi, 464 p. : _bill. ; _c26 cm. |
||
| 650 | 0 | _aChronic diseases. | |
| 650 | 0 |
_aChronically ill _xRehabilitation. |
|
| 650 | 0 |
_aChronic diseases _xSocial aspects. |
|
| 650 | 0 |
_aChronic diseases _xPsychological aspects. |
|
| 650 | 2 | _aChronic Disease. | |
| 650 | 2 |
_aChronic Disease _xpsychology. |
|
| 650 | 2 |
_aChronic Disease _xrehabilitation. |
|
| 650 | 2 | _aSocial Adjustment. | |
| 650 | 2 | _aDisabled Persons. | |
| 942 |
_2lcc _cBK _e2nd ed. _n0 |
||
| 999 |
_c3461 _d3461 |
||